000 00580nam a2200181 a 4500
001 000025647
005 20200930023936.0
008 110218s1975 mx a r 000 0 spa d
040 _aDO-SdBNP
_bspa
_cBNPHU
082 _axxxxx
_bB877r
100 1 _aBrown Jr., Frank A.
_952382
245 1 0 _aRelojes biológicos /
_cFrank A. Brown, Jr. ; traducción Luis Rios S.
260 _aMéxico, D. F. :
_bContinental,
_c1975.
300 _a36 p. :
_bil. ;
_c23 cm.
500 _aEn la cubierta: Biological Sciences Curriculum Study
700 1 _aRios S., Luis,
_etr.
_952383
049 _aBNGR
999 _c25139
_d25139